00760nam a2200253 a 4500001001300000003000900013005001700022008004100039020002500080082002000105100002000125245005100145260004400196300000900240500003500249505001300284650002500297700001600322700001500338902000800353942000700361952012100368999001700489nice12345678IN_TiNIC20260116014112.0050524s2002 newa grp 000 0 eng  a1929223 c562.500a302.952073bBLA aBlaker, Michael aCase Studies in Japanese Negotiating Behaviour aNew YorkbWashington Square Pressc2002 a170p aincludes index and biblioraphy2 aAppendix aNegotiation-Japanese1 aPaul Giarra1 aEzra Vogel bSRS cBK 001040708StackRoom-aHMIbHMId2007-03-19g562.50l0o302.952073 BLAp021336r2007-03-19v562.50w2005-05-24yBK c13880d13880